00957nam a22002417a 45000010005000000030006000050050017000110080041000280200018000690400029000870820012001161000017001282450075001452500035002202600034002553000045002895050008003345200249003425210029005915210020006206500032006407000043006729454FISKH20260113082119.0260113b cb ||||| |||| 00| 0 eng d a9780006752837 aFISKHbengcFISKHdFISKH a599.744 aEllis , Mary aThe arctic fox /cBy Mary Elllis : Illustrated by Kady MacDonal Denton aThis edition published in 1999 aLondon : bCollins , c1998 . a125 pages : billustrations ; c19 cm .  aO  aWhen Alex finds a white fox near her home, she is led to an injured man and an amazing story. She and her explorer father travel to the Arctic to return the fox to its natural habitat, and in doing so become involved in an Inuit family reunion.8 a600 bLexile estimate 8 aO bRaz-Plus  aAnimalsvChildren's fiction aDenton , Kady MacDonald eIllustrator